000 00724nam a22002057a 4500
003 OSt
005 20251106024617.0
008 251106b |||||||| |||| 00| 0 eng d
020 _a 978-621-427-058-3
040 _aDWCL-Main lib
_cOC
082 _aFil. 004 B554i 2019
100 _aBesueña, Jerelyn S.
245 _a Introduction to information technology and computer fundamentals/
_cJerelyn S. Besueña
260 _a Manila, Philippines :
_bUnlimited books library services & publishing inc.,
_cc2019.
300 _ax, 208 pages :
_billustrations ;
_c25cm.
504 _aIncludes bibliographical references
650 _a1. Computers
650 _a2. Information technology
942 _2ddc
_cBK-FIL
_kFil.
_n0
999 _c5547
_d5547